Vplyv sterilizačných prostriedkov na vlastnosti fotografických filmových materiálov
Saved in:
| Main Author: | |
|---|---|
| Other Authors: | |
| Format: | Manuscript Book |
| Language: | Slovak |
| Published: |
2023
|
| Subjects: | |
| Online Access: | http://is.stuba.sk/zp/portal_zp.pl?podrobnosti=169486 |
| Tags: |
No Tags, Be the first to tag this record!
|
MARC
| LEADER | 00000ntm a22000003a 4500 | ||
|---|---|---|---|
| 001 | stuzp94279 | ||
| 003 | SK-STU | ||
| 005 | 20230909221608.8 | ||
| 007 | ta | ||
| 008 | 150427s2015----xo-----f-mn---000-0-slo-d | ||
| 040 | |a STU |b slo | ||
| 041 | 0 | |a slo | |
| 100 | 1 | |a Hámorová, Zuzana |u 049160 |4 aut |U FCHPT Ústav prírodných a syntetických polymérov |T FCHPT Oddelenie polygrafie a aplikovanej fotochémie |X 91924 |U C9160 |Y 127 |7 91924 | |
| 242 | 0 | 1 | |a The effect of sterilization agents on the properties of photographic film materials |y eng |
| 245 | 1 | 0 | |a Vplyv sterilizačných prostriedkov na vlastnosti fotografických filmových materiálov |
| 260 | |c 2023 | ||
| 650 | 4 | |a sterilizácia |2 slo | |
| 650 | 4 | |a identifikácia |2 slo | |
| 650 | 4 | |a pary butanolu |2 slo | |
| 650 | 4 | |a ADRE plazma |2 slo | |
| 650 | 4 | |a fotografický film |2 slo | |
| 650 | 4 | |a photographic film |2 eng | |
| 650 | 4 | |a identification |2 eng | |
| 650 | 4 | |a sterilization |2 eng | |
| 650 | 4 | |a butanol vapour |2 eng | |
| 650 | 4 | |a ADRE plasma |2 eng | |
| 700 | 1 | |a Jančovičová, Viera |u 049160 |k Z1 |4 ths |U FCHPT Ústav prírodných a syntetických polymérov |T FCHPT Oddelenie polygrafie a aplikovanej fotochémie |X 3376 |U C9160 |Y 127 |7 A000003376 | |
| 856 | 4 | |u http://is.stuba.sk/zp/portal_zp.pl?podrobnosti=169486 | |